MARC details
| 000 -CABECERA |
| campo de control de longitud fija |
02862nam a2200301 a 4500 |
| 003 - IDENTIFICADOR DEL NÚMERO DE CONTROL |
| campo de control |
DO-SdBNP |
| 005 - FECHA Y HORA DE LA ÚLTIMA TRANSACCIÓN |
| campo de control |
20221020151950.0 |
| 007 - CAMPO FIJO DE DESCRIPCIÓN FÍSICA--INFORMACIÓN GENERAL |
| campo de control de longitud fija |
ta |
| 008 - DATOS DE LONGITUD FIJA--INFORMACIÓN GENERAL |
| campo de control de longitud fija |
220927t2006 dr aco|gr||||o001 s eng d |
| 040 ## - FUENTE DE LA CATALOGACIÓN |
| Centro catalogador/agencia de origen |
DO-SdBNP |
| Lengua de catalogación |
spa |
| Centro/agencia transcriptor |
BNPHU |
| 041 ## - CÓDIGO DE LENGUA |
| Código de lengua original |
eng |
| 082 #4 - NÚMERO DE LA CLASIFICACIÓN DECIMAL DEWEY |
| Número de edición |
22 |
| Número de documento/Ítem |
R426c |
| 110 1# - ENTRADA PRINCIPAL--NOMBRE DE ENTIDAD CORPORATIVA |
| 9 (RLIN) |
75495 |
| Nombre de entidad corporativa o nombre de jurisdicción como elemento de entrada |
Presidencia de la República |
| Sede del congreso/Lugar de la reunión |
Comisión Permanente de Efemérides Patrias |
| 245 10 - MENCIÓN DE TÍTULO |
| Título |
Compendium of speeches information y communication tecnology (ICT and devolopment). / |
| Mención de responsabilidad, etc. |
Compilador Amparo Arango, John R. Gagain; Traductor Katia Rojas, Vivian Sundset, Yumari Torres |
| 260 ## - PUBLICACIÓN, DISTRIBUCIÓN, ETC. |
| Lugar de publicación, distribución, etc. |
Santo Domingo : |
| Nombre del editor, distribuidor, etc. |
(COPDES), |
| Fecha de publicación, distribución, etc. |
2006. |
| 300 ## - DESCRIPCIÓN FÍSICA |
| Extensión |
[47] p. : |
| Otras características físicas |
il., fotogr., retr. ; |
| Dimensiones |
22 cm. |
| 505 ## - NOTA DE CONTENIDO CON FORMATO |
| Nota de contenido con formato |
Mensage to the Inaugral Meeting of the U.N. Global Aliance for ICTs and Developmen. |
| Información miscelánea |
Speeches. |
| Título |
Keynote Adres, Opening Ceremony of the 36th Session of the General Asembly of the Organization of American States - OAS (Santo Domingo, Domincn Republic) 4 june 2006.-- |
| -- |
Keynote Speech on Inflrmation and Commnunication Technology for Development & National Strategie and the Milenium Development Goals, Global Roundtable Forum on Innovation and Investiment: Scaling Science and Technology to Meet the Milienium Denvelopment Goals, Sponsored by the U.N. Milenium Project, U.N. ICT Task Force, and U:N: fund for International Partnerships (U.N. Word Sumnit, U:N: Headquarters) 13 September 2005 |
| -- |
Keynote Speech, ITC as an Enabler for Growth, Developmen and Competitiiveness; Implication for National and International polices and actions / Partnership for Development: Information adn Knowledge for Development, UNCTAD XI (Sao Paulo, Brasil) 16 june 2004.-- |
| -- |
Word Summnit on the Information Society - First Phase: Geneva 2003 Roundtable 3: ICT as a toll to achieve the Milennium Development Goals. 11 December 2003.-- |
| Información miscelánea |
Honorable Dr. Margarita Cedeño de Fernández, Fist Lady of the Dominican Republic: |
| Título |
In repesentation of H.E. Dr. Leonel Fernández President of the Dominican Republic, Head of Delegation to the World Summit on the Information Society (WSIS), Tunis, U:N: DESA High - Level Round Table on "Putting ICTs to work for the United Nations, Development Agenda, Including the Milennium DEvelopmen Goals" (Tunisia, Africa) 17 November 2005.-- |
| -- |
In represntation of H.E. Dr. Leonel Fernández, President of the Domincan Republic, Launch of the Degital Solidarity Fund - DSF (Genova, Switzerland,) 14 March 2005. |
| 590 ## - NOTA LOCAL (RLIN) |
| Nota local |
Inventariado 2022 / MF |
| 650 #4 - PUNTO DE ACCESO ADICIONAL DE MATERIA--TÉRMINO DE MATERIA |
| 9 (RLIN) |
30670 |
| Término de materia o nombre geográfico como elemento de entrada |
Discursos presidenciales |
| Subdivisión geográfica |
República Dominicana |
| 651 #4 - PUNTO DE ACCESO ADICIONAL DE MATERIA--NOMBRE GEOGRÁFICO |
| 9 (RLIN) |
3992 |
| Nombre geográfico |
República Dominicana |
| Subdivisión general |
Discursos parlamentarios |
| Subdivisión cronológica |
2003 - 2006 |
| 700 1# - PUNTO DE ACCESO ADICIONAL--NOMBRE DE PERSONA |
| 9 (RLIN) |
52107 |
| Nombre de persona |
Arango, Amparo, |
| Término indicativo de función/relación |
comp. |
| 700 1# - PUNTO DE ACCESO ADICIONAL--NOMBRE DE PERSONA |
| Nombre de persona |
Gagain, John R., |
| Término indicativo de función/relación |
comp. |
| 9 (RLIN) |
82450 |
| 700 1# - PUNTO DE ACCESO ADICIONAL--NOMBRE DE PERSONA |
| Nombre de persona |
Rojas, Katia, |
| Término indicativo de función/relación |
trad. |
| 9 (RLIN) |
82451 |
| 700 1# - PUNTO DE ACCESO ADICIONAL--NOMBRE DE PERSONA |
| Nombre de persona |
Sundset, Vivian, |
| Término indicativo de función/relación |
trad. |
| 9 (RLIN) |
82452 |
| 700 1# - PUNTO DE ACCESO ADICIONAL--NOMBRE DE PERSONA |
| Nombre de persona |
Torres, Yumari, |
| Término indicativo de función/relación |
trad. |
| 9 (RLIN) |
82453 |
| 910 ## - DATOS DE OPCIÓN DEL USUARIO (OCLC) |
| Datos de opción del usuario |
MFeliz |
| 942 ## - ELEMENTOS DE PUNTO DE ACCESO ADICIONAL (KOHA) |
| Fuente del sistema de clasificación o colocación |
Dewey Decimal Classification |
| Tipo de ítem Koha |
Folleto |